The american presidency

Furkejuvvon:
Bibliográfalaš dieđut
Váldodahkki: Pious, Richard M (Dahkki)
Materiálatiipa: Girji
Giella:eaŋgalasgiella
Almmustuhtton: Nueva York Basic Books 1979
Fáttát:
Fáddágilkorat: Lasit fáddágilkoriid
Eai fáddágilkorat, Lasit vuosttaš fáddágilkora!

MARC

LEADER 00000nam a2200000 a 4500
001 UCT9732
003 CL-VaPUC
008 970411e19790000US |||||||||||||||||eng|d
082 0 4 |a 321.804  |b PIO  |2 21 
100 0 |a Pious, Richard M  |e author  |9 382686 
245 1 4 |a The american presidency 
300 |a 491 p 
942 |c BK 
945 |d 19970411 00:00:00  |a paguirre 
260 |a Nueva York  |b Basic Books  |c 1979 
650 7 |a SISTEMAS POLITICOS  |2 CL-VaPUC  |9 382687 
650 0 |a Democracia  |9 255256 
650 7 |a PRESIDENCIA  |2 CL-VaPUC  |9 341215 
650 0 |a Poder ejecutivo  |9 255177 
650 0 |a Federalismo  |9 313886 
650 0 |a Constituciones  |9 255417 
650 7 |a POLITICA INTERNA  |2 CL-VaPUC  |9 342443 
651 0 |a Estados Unidos  |9 255178 
583 |a last modification  |c 19970411 00:00:00  |k Rodrigo Vera 
999 |c 258111  |d 258109 
952 |0 0  |1 0  |4 0  |6 321_804000000000000_PIO_1979  |7 0  |8 A  |9 281928  |a BIBDER  |b BIBDER  |d 2019-11-19  |i 1829335  |o 321.804 PIO 1979  |p 1829335  |r 2023-01-25  |w 2019-11-19  |y BK  |k DER